Iluminaciones (Record no. 533)

MARC details
000 -LEADER
campo de control de longitud fija 00451nam a22001337a 4500
008 - DATOS DE LONGITUD FIJA--INFORMACIÓN GENERAL
campo de control de longitud fija 150424b xxu||||| |||| 00| 0 eng d
082 ## - NÚMERO DE LA CLASIFICACIÓN DECIMAL DEWEY
Número de clasificación 759.972.81
Número de ítem A 997i
100 ## - ENTRADA PRINCIPAL--NOMBRE DE PERSONA
Nombre de persona Azurdia, Margarita
9 (RLIN) 273
245 ## - MENCIÓN DEL TÍTULO
Título Iluminaciones
Mención de responsabilidad, etc. Azurdia, Margarita
260 ## - PUBLICACIÓN, DISTRIBUCIÓN, ETC.
Lugar de publicación, distribución, etc. Guatemala
Nombre del editor, distribuidor, etc. Las ediciones de Margarita
Fecha de publicación, distribución, etc. 1996
300 ## - DESCRIPCIÓN FÍSICA
Extensión 53 p.
Otras características físicas ill. (col)
Dimensiones 16 cm
650 ## - PUNTO DE ACCESO ADICIONAL DE MATERIA--TÉRMINO DE MATERIA
Subdivisión general Arte Moderno
-- Azurdia, Margarita
-- Pintura
-- S. 20
Subdivisión geográfica Guatemala
9 (RLIN) 2457
700 ## - ENTRADA AGREGADA--NOMBRE PERSONAL
Nombre de persona Margarita Azurdia
9 (RLIN) 275
Holdings
Estatus retirado Estado de pérdida Fuente del sistema de clasificación o colocación Estado de daño No para préstamo Biblioteca de origen Biblioteca actual Fecha de adquisición Total de préstamos Signatura topográfica completa Código de barras Visto por última vez Precio de reemplazo Tipo de ítem Koha Ubicación en estantería
    Clasificación Decimal Dewey     Biblioteca LadoV Biblioteca LadoV 24/04/2015   759.972.81 A 997i 000591 24/04/2015 24/04/2015 Material 01  
    Clasificación Decimal Dewey     Biblioteca LadoV Biblioteca LadoV 24/04/2015   759.972.81 A 997i   24/04/2015 24/04/2015 Material 01